Titien
Enregistré dans:
| Auteur principal: | |
|---|---|
| Format: | Livre |
| Langue: | anglais français italien |
| Publié: |
París
Braun
1935
|
| Collection: | Collection des Maitres
|
| Sujets: | |
| Tags: |
Ajouter un tag
Pas de tags, Soyez le premier à ajouter un tag!
|
MARC
| LEADER | 00000nam a2200000 a 4500 | ||
|---|---|---|---|
| 001 | UCZ3175 | ||
| 003 | CL-VaPUC | ||
| 008 | 951020e19350000FR |||||||||||||||||eng|d | ||
| 041 | 0 | 7 | |a eng |2 CL-VaPUC |
| 041 | 0 | 7 | |a fre |2 CL-VaPUC |
| 041 | 0 | 7 | |a ita |2 CL-VaPUC |
| 082 | 0 | 4 | |a 759.5 |b HUY |2 21 |
| 100 | |a Huyghe, René |e author |9 567849 | ||
| 245 | 1 | 0 | |a Titien |
| 300 | |a 59 p | ||
| 942 | |c BK | ||
| 945 | |d 19951020 00:00:00 |a rleighto | ||
| 260 | |a París |b Braun |c 1935 | ||
| 600 | 0 | 7 | |a LE TITIEN |2 CL-VaPUC |9 346981 |
| 650 | 0 | |a Pintores italianos |9 265277 | |
| 650 | 0 | |a Pintura italiana |9 265293 | |
| 651 | 0 | |a Italia |9 254949 | |
| 583 | |a last modification |c 19951020 00:00:00 |k Rodrigo Vera | ||
| 490 | 0 | |a Collection des Maitres | |
| 999 | |c 239682 |d 239680 | ||
| 952 | |0 0 |1 0 |4 0 |6 759_500000000000000_HUY_1935 |7 0 |8 A |9 250985 |a BIBART |b BIBART |d 2019-11-18 |i 3138313 |o 759.5 HUY 1935 |p 3138313 |r 2025-03-13 |w 2019-11-18 |y BK |k ART | ||